LIBRARY & INFORMATION CENTRE, KCAET, TAVANUR

ONLINE PUBLIC ACCESS CATALOGUE (OPAC)

Industrial dust: Hygenic significance, measurement and control / (Record no. 11095)

MARC details
000 -LEADER
fixed length control field 00521cam a2200193ua 4500
041 ## - LANGUAGE CODE
Language code of text/sound track or separate title eng
082 ## - DEWEY DECIMAL CLASSIFICATION NUMBER
Classification number 628.4
Item number DRI/IN
100 ## - MAIN ENTRY--AUTHOR NAME
Personal name Drinker, Philip .
245 ## - TITLE STATEMENT
Title Industrial dust: Hygenic significance, measurement and control /
250 ## - EDITION STATEMENT
Edition statement 1 /
260 ## - PUBLICATION, DISTRIBUTION, ETC. (IMPRINT)
Place of publication New York :
Name of publisher McGraw Hill Book Company ,
Year of publication 1954.
300 ## - PHYSICAL DESCRIPTION
Number of Pages 401 ; .
700 1# - ADDED ENTRY--PERSONAL NAME
Personal name Hatch, Theodore .
942 ## - ADDED ENTRY ELEMENTS (KOHA)
Koha item type Books
Holdings
Withdrawn status Lost status Damaged status Home library Current library Date acquired Full call number Accession Number Koha item type
      KAUAET KAUAET 07/04/2012 628.4 3606 Books
free website counter